[Event "Quebec Montcalm op 6 2018-19"]
[Site "Quebec"]
[Date "2019.04.11"]
[Round "4"]
[White "Sarra Bournet, Marc"]
[Black "Sauve, Richard"]
[Result "0-1"]
[WhiteElo "1869"]
[BlackElo "1899"]
[PlyCount "116"]
[EventDate "2019.03.21"]
[EventType "swiss"]
[EventRounds "5"]
[EventCountry "CAN"]
[SourceTitle "EXT 2022"]
[Source "ChessBase"]
[SourceDate "2021.10.06"]
[SourceVersion "1"]
[SourceVersionDate "2021.10.06"]
[SourceQuality "1"]

1. e4 e6 2. d4 d5 3. Nd2 Nf6 4. e5 Nfd7 5. f4 c5 6. c3 Nc6 7. Ndf3 Be7 8. Ne2 0-0 9. g3 cxd4 10. cxd4 Qb6 11. Bh3 Qa6 12. 0-0 Nb6 13. b3 Bd7 14. Bb2 Rac8 15. a3 Na8 16. Nc3 Rfd8 17. Rf2 Na5 18. Bf1 Qb6 19. b4 Nc4 20. Qd3 Nc7 21. Bc1 a5 22. bxa5 Qxa5 23. Nd2 Nb5 24. Nxb5 Bxb5 25. Qf3 Ba6 26. f5 Nxe5 27. dxe5 Bc5 28. Nb3 Bxf2+ 29. Qxf2 Qc3 30. Rb1 Bxf1 31. Qxf1 Qxe5 32. Bf4 Qxf5 33. Nd2 e5 34. Be3 Qxf1+ 35. Nxf1 d4 36. Bd2 e4 37. Rxb7 e3 38. Nxe3 dxe3 39. Bxe3 f6 40. Ba7 Rc2 41. Rb1 Ra8 42. Rb7 Ra2 43. Bc5 Rd8 44. Rb1 Rdd2 45. h4 h5 46. Bb4 Rg2+ 47. Kf1 Rxg3 48. Be1 Rgxa3 49. Rb5 Rf3+ 50. Kg1 f5 51. Re5 Kf7 52. Rd5 Ke6 53. Rd8 Rb3 54. Re8+ Kf7 55. Re5 Kf6 56. Rc5 Rb1 57. Rc6+ Ke5 58. Kf1 Raa1 0-1

[Event "Quebec Montcalm op 5 2018-19"]
[Site "Quebec"]
[Date "2019.03.07"]
[Round "4"]
[White "Sauve, Richard"]
[Black "Labrecque, Rejean"]
[Result "1-0"]
[WhiteElo "1890"]
[BlackElo "1811"]
[PlyCount "67"]
[EventDate "2019.02.14"]
[EventType "swiss"]
[EventRounds "5"]
[EventCountry "CAN"]
[SourceTitle "EXT 2022"]
[Source "ChessBase"]
[SourceDate "2021.10.06"]
[SourceVersion "1"]
[SourceVersionDate "2021.10.06"]
[SourceQuality "1"]

1. d4 Nf6 2. c4 e6 3. Nc3 Bb4 4. Qc2 0-0 5. Bg5 d5 6. cxd5 exd5 7. e3 c6 8. Bd3 h6 9. Bh4 Nbd7 10. Nf3 Re8 11. a3 Bd6 12. 0-0 Qc7 13. Rfc1 Qb8 14. b4 b5 15. e4 Bf4 16. Re1 dxe4 17. Nxe4 Bb7 18. Nxf6+ Nxf6 19. Bxf6 gxf6 20. Qc5 Re6 21. Qf5 Bc8 22. Rxe6 Bxe6 23. Qxf6 Qd6 24. Re1 Re8 25. g3 Bg5 26. Nxg5 hxg5 27. Qxg5+ Kf8 28. Qf6 Rd8 29. Re4 Ke8 30. Rh4 Kd7 31. Bf5 Kc8 32. Qxf7 Bxf5 33. Qxf5+ Kb7 34. Rh7+ 1-0

[Event "Ste Foy Morphy"]
[Site "Ste Foy"]
[Date "2019.02.23"]
[Round "2"]
[White "Sauve, Richard"]
[Black "Oliver, Vance"]
[Result "1-0"]
[WhiteElo "1890"]
[BlackElo "1618"]
[PlyCount "99"]
[EventDate "2019.02.16"]
[EventType "swiss"]
[EventRounds "5"]
[EventCountry "CAN"]
[SourceTitle "EXT 2022"]
[Source "ChessBase"]
[SourceDate "2021.10.06"]
[SourceVersion "1"]
[SourceVersionDate "2021.10.06"]
[SourceQuality "1"]

1. d4 d6 2. c4 Nf6 3. Nc3 g6 4. e4 Bg7 5. f3 0-0 6. Be3 Nc6 7. Nge2 a6 8. Qd2 Rb8 9. d5 Ne5 10. Ng3 c6 11. Be2 cxd5 12. cxd5 Bd7 13. 0-0 b5 14. Rfc1 Qa5 15. Nf1 Rfc8 16. Nd1 Qxd2 17. Nxd2 h6 18. a3 g5 19. b4 Nh7 20. Rab1 f5 21. Ba7 Ra8 22. Bb6 f4 23. h3 h5 24. Nf2 Nf6 25. Bd4 Ng6 26. Nb3 Kf7 27. Ba1 Ng8 28. Bxg7 Kxg7 29. Nd3 Nh6 30. Nd4 Kf6 31. Rxc8 Rxc8 32. Rc1 Rxc1+ 33. Nxc1 Ne5 34. a4 g4 35. hxg4 hxg4 36. axb5 axb5 37. Kf2 Nc4 38. Bxc4 bxc4 39. b5 g3+ 40. Ke1 Nf7 41. Nc6 Bc8 42. Ne2 e5 43. Kd2 Ng5 44. Na5 Nf7 45. Kc3 Ng5 46. b6 Nxe4+ 47. fxe4 Bg4 48. Nxg3 Bf3 49. b7 fxg3 50. b8Q 1-0

[Event "Ste Foy Euwe"]
[Site "Ste Foy"]
[Date "2019.02.02"]
[Round "4"]
[White "Desbiens, Raphael"]
[Black "Sauve, Richard"]
[Result "1-0"]
[WhiteElo "2167"]
[BlackElo "1810"]
[PlyCount "73"]
[EventDate "2019.01.12"]
[EventType "swiss"]
[EventRounds "5"]
[EventCountry "CAN"]
[SourceTitle "EXT 2022"]
[Source "ChessBase"]
[SourceDate "2021.10.06"]
[SourceVersion "1"]
[SourceVersionDate "2021.10.06"]
[SourceQuality "1"]

1. e4 e6 2. d4 d5 3. Nd2 Nf6 4. e5 Nfd7 5. Bd3 c5 6. c3 Nc6 7. Ne2 cxd4 8. cxd4 f6 9. exf6 Nxf6 10. Nf3 Bd6 11. 0-0 0-0 12. Bf4 Bxf4 13. Nxf4 Ne4 14. Qc1 Ng5 15. Nxg5 Qxg5 16. Bxh7+ Kxh7 17. Nxe6 Qxc1 18. Nxf8+ Kg8 19. Raxc1 Kxf8 20. Rfe1 Bd7 21. Rc5 Re8 22. Rxe8+ Bxe8 23. Rxd5 Bf7 24. Rd7 Bxa2 25. Rxb7 a5 26. Rd7 a4 27. Kf1 Bb3 28. Ke2 Na5 29. Kd3 Nc4 30. Kc3 Nb6 31. Ra7 Nd5+ 32. Kd3 Nf4+ 33. Ke4 Nxg2 34. d5 g5 35. d6 Nf4 36. Ra8+ Kf7 37. d7 1-0

[Event "Ste Foy Euwe"]
[Site "Ste Foy"]
[Date "2019.01.26"]
[Round "3"]
[White "Lacerte, Kevin"]
[Black "Sauve, Richard"]
[Result "0-1"]
[WhiteElo "1520"]
[BlackElo "1810"]
[PlyCount "56"]
[EventDate "2019.01.12"]
[EventType "swiss"]
[EventRounds "5"]
[EventCountry "CAN"]
[SourceTitle "EXT 2022"]
[Source "ChessBase"]
[SourceDate "2021.10.06"]
[SourceVersion "1"]
[SourceVersionDate "2021.10.06"]
[SourceQuality "1"]

1. e4 e6 2. Nf3 d5 3. e5 c5 4. b4 cxb4 5. a3 Nc6 6. axb4 Bxb4 7. c3 Bf8 8. d4 Nge7 9. Bd3 Nf5 10. h4 Be7 11. g3 a6 12. Na3 Rb8 13. Ng5 g6 14. Qg4 h5 15. Qe2 b5 16. Nc2 b4 17. Bxa6 bxc3 18. Bb5 Bd7 19. Bxc6 Bxc6 20. Qd3 0-0 21. Ne3 Nxe3 22. Bxe3 Qd7 23. g4 Bb5 24. Qc2 Bc4 25. Bc1 Qb5 26. Nxe6 Bd3 27. Qxc3 Bb4 28. Qxb4 Qxb4+ 0-1

[Event "Quebec Montcalm op 4 2018-19"]
[Site "Quebec"]
[Date "2019.01.17"]
[Round "2"]
[White "Labrecque, Rejean"]
[Black "Sauve, Richard"]
[Result "1/2-1/2"]
[WhiteElo "1857"]
[BlackElo "1810"]
[PlyCount "83"]
[EventDate "2019.01.10"]
[EventType "swiss"]
[EventRounds "5"]
[EventCountry "CAN"]
[SourceTitle "EXT 2022"]
[Source "ChessBase"]
[SourceDate "2021.10.06"]
[SourceVersion "1"]
[SourceVersionDate "2021.10.06"]
[SourceQuality "1"]

1. d4 e6 2. c4 d5 3. Nf3 c6 4. e3 Nf6 5. Bd3 Nbd7 6. 0-0 Bd6 7. cxd5 exd5 8. Nc3 0-0 9. e4 dxe4 10. Nxe4 Nxe4 11. Bxe4 Qc7 12. Qc2 Nf6 13. Bf5 Bxf5 14. Qxf5 Qc8 15. Qxc8 Raxc8 16. Be3 Rfe8 17. Rfe1 Nd5 18. a3 Re4 19. Bd2 Rce8 20. Rxe4 Rxe4 21. Re1 Rxe1+ 22. Nxe1 f6 23. Nd3 Kf7 24. g3 b6 25. Kf1 Ke6 26. Ke2 g5 27. h3 h5 28. g4 hxg4 29. hxg4 Nc7 30. Nc1 Kd5 31. Kd3 Ne6 32. Ne2 Nc7 33. f3 Ke6 34. Ke4 Nd5 35. f4 gxf4 36. Bxf4 Bxf4 37. Nxf4+ Nxf4 38. Kxf4 a6 39. b4 b5 40. Ke4 Kd6 41. Kf5 Ke7 42. Kf4 1/2-1/2

[Event "Quebec Montcalm op 3 2018-19"]
[Site "Quebec"]
[Date "2018.12.06"]
[Round "4"]
[White "Sauve, Richard"]
[Black "Gaulin, Gaetan"]
[Result "1/2-1/2"]
[WhiteElo "1804"]
[BlackElo "1952"]
[PlyCount "69"]
[EventDate "2018.11.15"]
[EventType "swiss"]
[EventRounds "5"]
[EventCountry "CAN"]
[SourceTitle "EXT 2022"]
[Source "ChessBase"]
[SourceDate "2021.10.06"]
[SourceVersion "1"]
[SourceVersionDate "2021.10.06"]
[SourceQuality "1"]

1. d4 Nf6 2. c4 g6 3. Nc3 d5 4. e3 Bg7 5. Nf3 0-0 6. cxd5 Nxd5 7. Bc4 Nxc3 8. bxc3 c5 9. 0-0 Qc7 10. Qe2 Nc6 11. Bd2 b6 12. Rab1 Na5 13. Bd3 Bb7 14. Rfd1 Rac8 15. c4 Nc6 16. d5 Ne5 17. Nxe5 Bxe5 18. h3 Rce8 19. e4 e6 20. Bh6 Bg7 21. Bxg7 Kxg7 22. Qb2+ f6 23. Re1 exd5 24. exd5 Qd7 25. Qd2 Rxe1+ 26. Rxe1 Re8 27. h4 Rxe1+ 28. Qxe1 b5 29. Qe4 bxc4 30. Bxc4 Kf8 31. g3 Qd6 32. Qe3 Kg7 33. Qb3 Bc8 34. Qe3 Bb7 35. Qb3 1/2-1/2

[Event "Ste Foy Tal"]
[Site "Ste Foy"]
[Date "2018.12.01"]
[Round "2"]
[White "Darveau, Michel"]
[Black "Sauve, Richard"]
[Result "0-1"]
[WhiteElo "1408"]
[BlackElo "1823"]
[PlyCount "86"]
[EventDate "2018.11.24"]
[EventType "swiss"]
[EventRounds "4"]
[EventCountry "CAN"]
[SourceTitle "EXT 2022"]
[Source "ChessBase"]
[SourceDate "2021.10.06"]
[SourceVersion "1"]
[SourceVersionDate "2021.10.06"]
[SourceQuality "1"]

1. e4 Nf6 2. Nc3 e5 3. Nf3 Nc6 4. d4 exd4 5. Nxd4 Bc5 6. Be3 Bxd4 7. Bxd4 d6 8. Bc4 0-0 9. 0-0 Nxd4 10. Qxd4 Bd7 11. Rad1 Qe7 12. Rfe1 Rfe8 13. Nd5 Nxd5 14. Bxd5 Bc6 15. f3 Qd7 16. c4 a6 17. e5 Rxe5 18. Rxe5 dxe5 19. Qxe5 Re8 20. Qc3 h6 21. Kf2 Qe7 22. Re1 Qh4+ 23. Kf1 Rxe1+ 24. Qxe1 Qxh2 25. Bxc6 Qh1+ 26. Kf2 Qxe1+ 27. Kxe1 bxc6 28. Kd2 Kf8 29. c5 Ke7 30. Kc3 Ke6 31. b4 h5 32. Kb3 Kd7 33. Kc4 g5 34. Kd4 Ke6 35. a4 h4 36. Kc4 f5 37. b5 cxb5+ 38. axb5 axb5+ 39. Kxb5 Kd7 40. Kc4 g4 41. Kd4 gxf3 42. Ke3 fxg2 43. Kf2 h3 0-1

[Event "Ste Foy Fischer"]
[Site "Ste Foy"]
[Date "2018.11.10"]
[Round "5"]
[White "Sauve, Richard"]
[Black "Oliver, Vance"]
[Result "1-0"]
[WhiteElo "1842"]
[BlackElo "1579"]
[PlyCount "43"]
[EventDate "2018.10.13"]
[EventType "swiss"]
[EventRounds "5"]
[EventCountry "CAN"]
[SourceTitle "EXT 2022"]
[Source "ChessBase"]
[SourceDate "2021.10.06"]
[SourceVersion "1"]
[SourceVersionDate "2021.10.06"]
[SourceQuality "1"]

1. d4 Nf6 2. c4 g6 3. Nc3 Bg7 4. e4 d6 5. f3 0-0 6. Be3 Nc6 7. Qd2 a6 8. Nge2 Rb8 9. h4 b5 10. h5 gxh5 11. Bh6 Ne8 12. Rxh5 e5 13. Rh1 bxc4 14. Bxg7 Nxg7 15. Qh6 f6 16. 0-0-0 Bd7 17. Ng3 Na5 18. Nd5 Kf7 19. Nh5 Nxh5 20. Qxh5+ Ke6 21. Qf5+ Kf7 22. Rxh7+ 1-0

[Event "Quebec Montcalm op 2 2018-19"]
[Site "Quebec"]
[Date "2018.11.08"]
[Round "5"]
[White "Desbiens, Raphael"]
[Black "Sauve, Richard"]
[Result "1-0"]
[WhiteElo "2207"]
[BlackElo "1842"]
[PlyCount "107"]
[EventDate "2018.10.11"]
[EventType "swiss"]
[EventRounds "5"]
[EventCountry "CAN"]
[SourceTitle "EXT 2022"]
[Source "ChessBase"]
[SourceDate "2021.10.06"]
[SourceVersion "1"]
[SourceVersionDate "2021.10.06"]
[SourceQuality "1"]

1. Nf3 d5 2. g3 c6 3. Bg2 f5 4. d4 Nf6 5. Ne5 e6 6. Bf4 Be7 7. c4 0-0 8. Nd2 Nbd7 9. Nd3 Ne4 10. Nxe4 fxe4 11. Ne5 Nxe5 12. Bxe5 Qa5+ 13. Kf1 Qd8 14. Qc2 Bf6 15. Bh3 Bxe5 16. dxe5 Qg5 17. Qc3 Qh5 18. Bg2 Bd7 19. Ke1 Rf7 20. f3 exf3 21. exf3 Raf8 22. Kd2 Rxf3 23. Bxf3 Rxf3 24. Qd4 c5 25. Qxc5 Qxe5 26. Rab1 Qe4 27. Rbe1 Qd3+ 28. Kc1 d4 29. Rd1 Qe3+ 30. Kb1 Qe4+ 31. Ka1 e5 32. Rhe1 Re3 33. Rxe3 dxe3 34. Qd5+ Qxd5 35. Rxd5 e4 36. Rd1 e2 37. Re1 Bg4 38. Kb1 Kf7 39. Kc2 Ke6 40. Kd2 Ke5 41. Ke3 a5 42. b3 Bf3 43. a3 b6 44. b4 axb4 45. axb4 h6 46. Rc1 Bg4 47. c5 bxc5 48. Rxc5+ Kd6 49. Rc1 Kd5 50. b5 Bd7 51. b6 Bc6 52. Kxe2 g5 53. Ke3 h5 54. Rxc6 1-0

[Event "Ste Foy Fischer"]
[Site "Ste Foy"]
[Date "2018.10.13"]
[Round "1"]
[White "Desbiens, Raphael"]
[Black "Sauve, Richard"]
[Result "1-0"]
[WhiteElo "2207"]
[BlackElo "1842"]
[PlyCount "125"]
[EventDate "2018.10.13"]
[EventType "swiss"]
[EventRounds "5"]
[EventCountry "CAN"]
[SourceTitle "EXT 2022"]
[Source "ChessBase"]
[SourceDate "2021.10.06"]
[SourceVersion "1"]
[SourceVersionDate "2021.10.06"]
[SourceQuality "1"]

1. e4 e6 2. d4 d5 3. Nd2 Nf6 4. e5 Nfd7 5. Bd3 c5 6. c3 Nc6 7. Ne2 cxd4 8. cxd4 f6 9. exf6 Nxf6 10. Nf3 Bd6 11. 0-0 0-0 12. Bf4 Bxf4 13. Nxf4 Ne4 14. Qc1 Ng5 15. Nxg5 Qxg5 16. Ne2 Qf6 17. Qe3 e5 18. dxe5 Qxe5 19. Qc5 Bf5 20. Bxf5 Qxf5 21. Rad1 Rad8 22. Nd4 Nxd4 23. Qxd4 b6 24. Rd2 Rc8 25. Rfd1 Rfd8 26. h3 h6 27. Qg4 Qxg4 28. hxg4 Rc5 29. f3 a5 30. a3 a4 31. Rd4 b5 32. Kf2 Kf7 33. Ke3 Ke6 34. Rb4 Kd6 35. Kd3 Re8 36. Rh1 Re6 37. g5 hxg5 38. Rg4 Re5 39. Rh5 Ke6 40. Rhxg5 Rxg5 41. Rxg5 Kf6 42. Rg4 Rc7 43. Rb4 Rc5 44. Kd4 Rc2 45. g4 Kg5 46. Kxd5 Rf2 47. Ke4 Re2+ 48. Kd3 Rf2 49. Ke3 Rc2 50. Rxb5+ Kh4 51. Rb4 Kg3 52. g5 g6 53. Rg4+ Kh3 54. Rxa4 Rxb2 55. Kf4 Rc2 56. Re4 Rc3 57. Re3 Rc4+ 58. Ke5 Kg3 59. Kf6 Rc6+ 60. Re6 Rc3 61. a4 Kxf3 62. Kxg6 Ra3 63. Kf7 1-0

[Event "Quebec Montcalm op 1 2018-19"]
[Site "Quebec"]
[Date "2018.09.13"]
[Round "2"]
[White "Labrecque, Rejean"]
[Black "Sauve, Richard"]
[Result "1/2-1/2"]
[WhiteElo "1640"]
[BlackElo "1918"]
[PlyCount "82"]
[EventDate "2018.09.06"]
[EventType "swiss"]
[EventRounds "5"]
[EventCountry "CAN"]
[SourceTitle "EXT 2022"]
[Source "ChessBase"]
[SourceDate "2021.10.06"]
[SourceVersion "1"]
[SourceVersionDate "2021.10.06"]
[SourceQuality "1"]

1. d4 e6 2. c4 d5 3. Nf3 c6 4. e3 f5 5. Ne5 Nf6 6. Bd3 Bd6 7. 0-0 0-0 8. Nd2 Ne4 9. f4 b6 10. cxd5 cxd5 11. Nxe4 fxe4 12. Bb5 Bd7 13. Qa4 Bxb5 14. Qxb5 Bxe5 15. fxe5 Rxf1+ 16. Kxf1 Qd7 17. Qxd7 Nxd7 18. Bd2 Rc8 19. Rc1 Rxc1+ 20. Bxc1 Kf7 21. Bd2 Ke7 22. Bb4+ Kd8 23. Bd6 Kc8 24. Ke2 Kb7 25. Kd2 Ka6 26. Kc3 Kb5 27. b3 a5 28. g4 Kc6 29. h4 b5 30. h5 Kb7 31. g5 g6 32. hxg6 hxg6 33. Kb2 Kc6 34. Kc3 Nb6 35. Bc5 Nd7 36. Bd6 b4+ 37. Kb2 Kb5 38. Kc2 a4 39. Kb2 Nb6 40. Kc2 a3 41. Bc5 Nd7 1/2-1/2

[Event "Ste Foy Jeudi 2"]
[Site "Ste Foy"]
[Date "2018.08.16"]
[Round "4"]
[White "Leblanc Legault, Mathieu"]
[Black "Sauve, Richard"]
[Result "1/2-1/2"]
[WhiteElo "1702"]
[BlackElo "1897"]
[PlyCount "83"]
[EventDate "2018.07.26"]
[EventType "swiss"]
[EventRounds "5"]
[EventCountry "CAN"]
[SourceTitle "EXT 2022"]
[Source "ChessBase"]
[SourceDate "2021.10.06"]
[SourceVersion "1"]
[SourceVersionDate "2021.10.06"]
[SourceQuality "1"]

1. d4 d5 2. c4 e6 3. cxd5 exd5 4. Bf4 Bd6 5. Bxd6 Qxd6 6. e3 Nf6 7. Nc3 0-0 8. Qc2 c6 9. Bd3 Re8 10. a3 Bg4 11. Nge2 Bxe2 12. Nxe2 Nbd7 13. Rc1 Nf8 14. h3 Ne4 15. Bxe4 Rxe4 16. 0-0 Nd7 17. Nc3 Rh4 18. Na4 Rh6 19. Rfd1 Re8 20. Nc5 Nxc5 21. dxc5 Qc7 22. Rd4 Rhe6 23. Rcd1 h6 24. Qc3 Re4 25. Rxe4 Rxe4 26. Rd4 Qe7 27. b4 a6 28. Qd3 f5 29. Rxe4 Qxe4 30. Qd4 Qxd4 31. exd4 g5 32. f4 Kg7 33. Kf2 Kg6 34. Kf3 Kf6 35. g4 Kg6 36. fxg5 hxg5 37. gxf5+ Kxf5 38. a4 Kf6 39. Kg4 Kg6 40. Kg3 Kf5 41. Kf3 Kf6 42. Kg4 1/2-1/2

[Event "Ste Foy Jeudi 2"]
[Site "Ste Foy"]
[Date "2018.08.02"]
[Round "2"]
[White "Genest, Dominic"]
[Black "Sauve, Richard"]
[Result "0-1"]
[WhiteElo "1710"]
[BlackElo "1897"]
[PlyCount "30"]
[EventDate "2018.07.26"]
[EventType "swiss"]
[EventRounds "5"]
[EventCountry "CAN"]
[SourceTitle "EXT 2022"]
[Source "ChessBase"]
[SourceDate "2021.10.06"]
[SourceVersion "1"]
[SourceVersionDate "2021.10.06"]
[SourceQuality "1"]

1. c4 e6 2. g3 d5 3. Bg2 f5 4. Nf3 c6 5. 0-0 Nf6 6. b3 Bd6 7. Bb2 0-0 8. d4 Nbd7 9. Nbd2 Ne4 10. cxd5 exd5 11. Ne5 Qe7 12. Nxd7 Bxd7 13. f3 Nxg3 14. hxg3 Bxg3 15. f4 Qe3+ 0-1

[Event "Ste Foy Jeudi 1"]
[Site "Ste Foy"]
[Date "2018.06.21"]
[Round "2"]
[White "Auger, Bertrand"]
[Black "Sauve, Richard"]
[Result "1/2-1/2"]
[WhiteElo "1956"]
[BlackElo "1860"]
[PlyCount "129"]
[EventDate "2018.06.14"]
[EventType "swiss"]
[EventRounds "5"]
[EventCountry "CAN"]
[SourceTitle "EXT 2022"]
[Source "ChessBase"]
[SourceDate "2021.10.06"]
[SourceVersion "1"]
[SourceVersionDate "2021.10.06"]
[SourceQuality "1"]

1. Nf3 d5 2. c4 e6 3. g3 c6 4. Bg2 Nf6 5. b3 Nbd7 6. 0-0 Bd6 7. Ba3 Qe7 8. Qc1 0-0 9. d3 e5 10. Bxd6 Qxd6 11. Qa3 Qe6 12. Nbd2 Re8 13. e4 dxe4 14. Ng5 Qe7 15. Qxe7 Rxe7 16. Ngxe4 Nxe4 17. Nxe4 Nf8 18. Nd6 Rb8 19. Rae1 Ng6 20. f4 exf4 21. Rxe7 Nxe7 22. Rxf4 Be6 23. d4 h6 24. g4 b6 25. Nf5 Bxf5 26. gxf5 f6 27. a4 Rd8 28. Kf2 Kf7 29. Kf3 Rd6 30. Kg4 Kf8 31. h4 a5 32. h5 Ke8 33. Kf3 Nc8 34. Ke3 Na7 35. Re4+ Kf7 36. d5 cxd5 37. Rd4 Ke7 38. Bxd5 Nc6 39. Bxc6 Rxc6 40. Re4+ Kf7 41. Kd4 Rd6+ 42. Kc3 Rc6 43. Rd4 Ke7 44. Rd5 Ke8 45. Kd4 Ke7 46. c5 bxc5+ 47. Rxc5 Ra6 48. Rc7+ Kd6 49. Rxg7 Rb6 50. Kc3 Ke5 51. Ra7 Rc6+ 52. Kd3 Rc5 53. Rh7 Kxf5 54. Rxh6 Ke5 55. Rh8 f5 56. h6 Kf6 57. Rg8 Rc7 58. Ra8 Rd7+ 59. Ke3 Rb7 60. Ra6+ Kg5 61. Rxa5 Rxb3+ 62. Kf2 Rb2+ 63. Kf3 Rb3+ 64. Kg2 Rb2+ 65. Kf3 1/2-1/2

[Event "Ste Foy Petrosian"]
[Site "Ste Foy"]
[Date "2018.05.05"]
[Round "5"]
[White "Chouinard, Etienne"]
[Black "Sauve, Richard"]
[Result "1-0"]
[WhiteElo "1894"]
[BlackElo "1955"]
[PlyCount "45"]
[EventDate "2018.04.07"]
[EventType "swiss"]
[EventRounds "5"]
[EventCountry "CAN"]
[SourceTitle "EXT 2022"]
[Source "ChessBase"]
[SourceDate "2021.10.06"]
[SourceVersion "1"]
[SourceVersionDate "2021.10.06"]
[SourceQuality "1"]

1. d4 d5 2. e3 Nf6 3. Bd3 c5 4. c3 Qb6 5. f4 g6 6. Nf3 Bg7 7. 0-0 0-0 8. Ne5 Nc6 9. Nd2 Ne8 10. Kh1 f6 11. Nxg6 hxg6 12. Bxg6 f5 13. Bxe8 Rxe8 14. Qh5 Rf8 15. Rf3 Bd7 16. Rg3 cxd4 17. Nf3 Be8 18. Qh6 Rf7 19. Rg6 Kf8 20. Qh7 e5 21. Ng5 dxc3 22. bxc3 Qb5 23. Ba3+ 1-0

[Event "Quebec Montcalm op 6 2017-18"]
[Site "Quebec"]
[Date "2018.04.19"]
[Round "5"]
[White "Sauve, Richard"]
[Black "Perreault, Jacquelin"]
[Result "1-0"]
[WhiteElo "1961"]
[BlackElo "1819"]
[PlyCount "79"]
[EventDate "2018.03.22"]
[EventType "swiss"]
[EventRounds "5"]
[EventCountry "CAN"]
[SourceTitle "EXT 2022"]
[Source "ChessBase"]
[SourceDate "2021.10.06"]
[SourceVersion "1"]
[SourceVersionDate "2021.10.06"]
[SourceQuality "1"]

1. d4 Nf6 2. c4 e6 3. Nc3 Bb4 4. Qc2 0-0 5. a3 Bxc3+ 6. Qxc3 b6 7. Bg5 d6 8. e3 Nbd7 9. Bd3 Bb7 10. f3 h6 11. Bh4 c5 12. Ne2 Rc8 13. Qb3 Qe7 14. 0-0 d5 15. Rac1 Ba6 16. Qa4 Bxc4 17. Bxc4 dxc4 18. Rxc4 b5 19. Qxb5 Rb8 20. Bxf6 Nxf6 21. Qxc5 Qxc5 22. Rxc5 Rxb2 23. Nc3 Rfb8 24. Rf2 R2b3 25. a4 Ra3 26. Rc2 Rbb3 27. e4 Rb4 28. d5 exd5 29. exd5 Rd4 30. Kf2 Ra1 31. Ke3 Rb4 32. d6 Rb8 33. Rd2 Rd8 34. Kf2 Ra3 35. a5 g5 36. Ne4 Nd7 37. Rf5 Kg7 38. Rc2 Kg6 39. g4 Rd3 40. Rc7 1-0

[Event "Ste Foy Morphy"]
[Site "Ste Foy"]
[Date "2018.03.24"]
[Round "5"]
[White "Sauve, Richard"]
[Black "Michaud, Jacques"]
[Result "1-0"]
[WhiteElo "1913"]
[BlackElo "1484"]
[PlyCount "99"]
[EventDate "2018.02.17"]
[EventType "swiss"]
[EventRounds "5"]
[EventCountry "CAN"]
[SourceTitle "EXT 2022"]
[Source "ChessBase"]
[SourceDate "2021.10.06"]
[SourceVersion "1"]
[SourceVersionDate "2021.10.06"]
[SourceQuality "1"]

1. d4 Nf6 2. c4 c5 3. d5 g6 4. Nc3 Bg7 5. e4 d6 6. Nf3 0-0 7. Be2 Bg4 8. h3 Bd7 9. Bf4 Nh5 10. Bh2 Qa5 11. Qd2 f5 12. exf5 Bxf5 13. g4 Bxc3 14. Qxc3 Qxc3+ 15. bxc3 Be4 16. gxh5 Bxf3 17. Rg1 Bxe2 18. Kxe2 Rf6 19. Rg4 Nd7 20. Rag1 Raf8 21. Bg3 Ne5 22. Bxe5 Rxf2+ 23. Ke1 dxe5 24. hxg6 h6 25. R1g2 Rxg2 26. Rxg2 Rf3 27. Re2 Rf5 28. Rb2 b6 29. Rg2 Kg7 30. h4 e4 31. Rg4 Re5 32. Ke2 h5 33. Rg3 e3 34. Rf3 Kxg6 35. Rxe3 Rxe3+ 36. Kxe3 Kf5 37. Kf3 a6 38. a3 b5 39. cxb5 axb5 40. c4 b4 41. axb4 cxb4 42. Ke3 b3 43. Kd3 b2 44. Kc2 b1Q+ 45. Kxb1 Ke4 46. Kc2 Kd4 47. Kb3 Kc5 48. Kc3 Kd6 49. Kd4 e5+ 50. Ke4 1-0